000
00217 a2200097 4500
001
45261
100
_a
Anderson J.D
245
_a
Introduction to flight
260
_a
New York
_b
McGraw-Hill
_c
090
_c
28450
_d
28450
942
_a
NUST-CAE
_c
M
_c
20503
999
_c
280334
_d
280334